La Mandíbula de Bañolas / por Marie-Antoinette de Lumley
Descripción Física:
91 p. : il. ; 27 cm
Colección:
Monografías ; 37
Materias:
Mandíbula de Banyoles
MARC
| LEADER | 00000nam a2200000Ia 4500 | ||
|---|---|---|---|
| 001 | 7803 | ||
| 008 | 160829s1972 xx 000 0 cat d | ||
| 080 | |a H-2-88 | ||
| 100 | |a Lumley-Woddyear, Marie Antoinette de |9 25099 | ||
| 245 | |a La Mandíbula de Bañolas / por Marie-Antoinette de Lumley | ||
| 260 | |a Barcelona : |b Diputación. Instituto de Prehistoria y Arqueología, |c 1972 | ||
| 300 | |a 91 p. : |b il. ; |c 27 cm | ||
| 490 | |a Monografías ; 37 | ||
| 590 | |a Separata d'Ampurias ; 33-34 | ||
| 650 | |a Mandíbula de Banyoles |9 25100 | ||
| 710 | 2 | |a Instituto de Prehistoria y Arqueología (Barcelona, Catalunya) |9 54255 | |
| 901 | |a Arxiu | ||
| 942 | |n 1 |2 udc | ||
| 952 | |0 0 |1 0 |4 0 |6 H288 |7 1 |9 43446 |a Arxiu |b Arxiu |d 2016-12-01 |l 0 |o H-2-88 |p 7803 |r 2016-12-01 00:00:00 |w 2016-12-01 |y ARXIU | ||
| 999 | |c 45992 |d 45992 | ||